| 000 | 00960nam a22002897a 4500 | ||
|---|---|---|---|
| 001 | BR9602353 | ||
| 003 | BR-BrBNA | ||
| 005 | 20230928094956.0 | ||
| 007 | ta | ||
| 008 | 230509b bl.||||| |||| 00| 0 por d | ||
| 040 |
_aBR-BrBNA _bpor _cBiblioteca Nacional de Agricultura |
||
| 041 | _a(Por) | ||
| 072 |
_aF01; H20; H10 _b0600 |
||
| 090 | _ 0600 BR9602353 | ||
| 110 | 1 |
_aSociedade Brasileira de Fruticultura, Campinas, SP (Brasil) _99728 |
|
| 111 | 1 |
_a1. Congresso Brasileiro de Fruticultura _cCampinas, SP (Brazil) _d12-16 Jun 1971 |
|
| 245 | 1 | _aResumos de trabalhos apresentados ao 1. Congresso Brasileiro de Fruticultura da Sociedade Brasileira de Fruticultura | |
| 260 | 3 |
_aCampinas, SP (Brasil): _c1971. |
|
| 300 | _a77 p. | ||
| 500 | _aSummary only | ||
| 650 | _aFruticultura | ||
| 650 | _aPratica Cultural | ||
| 650 | _aDoenca de Planta | ||
| 650 | _aMelhoramento Genetico Vegetal | ||
| 909 |
_a202309 _bLucia _c55 _dLucia Elande |
||
| 942 | _cBK | ||
| 999 |
_c53784 _d53784 |
||